| 000 | 00675nam a2200253Ia 4500 | ||
|---|---|---|---|
| 008 | 160803s9999 xx 000 0 und d | ||
| 020 | _a9780590098472 | ||
| 100 | _aGiblin, James Cross | ||
| 245 | _aSecrets of the Sphinx / | ||
| 245 | _cby James Cross Giblin ; illustrated by Bagram Ibatoulline. | ||
| 260 | _aNew York : | ||
| 260 | _bScholastic Inc. | ||
| 260 | _c2004 | ||
| 300 | _a47 pages : | ||
| 300 | _bcolor illustrations, 1 color map ; | ||
| 300 | _c29 cm | ||
| 650 | _aEgypt -- | ||
| 650 | _aEgypt -- | ||
| 650 | _aGreat Sphinx (Egypt). | ||
| 650 | _aSphinxes (Mythology) | ||
| 650 | _xAntiquities. | ||
| 650 | _xHistory. | ||
| 700 | _a1100 | ||
| 999 |
_c298872 _d298872 |
||